|
|
|
|
| LEADER |
00000nab a2200000uu 4500 |
| 001 |
vtls011450244 |
| 003 |
SK-MaSNL |
| 005 |
20260303164833.0 |
| 008 |
230313|1976 xo |||||||||||||||||slo| |
| 015 |
|
|
|a SNBRB
|
| 035 |
|
|
|a (urnnbn)urn:nbn:sk:snk:ar-006fh9
|
| 035 |
|
|
|a (uuid)9143ad7b-c54d-4b81-b00f-36ac514afcd1
|
| 035 |
|
|
|a urn:nbn:sk:snk-abcmh7
|
| 040 |
|
|
|a SNKBUCL
|b slo
|c SNKBUCL
|e AACR2
|
| 041 |
0 |
|
|a slo
|
| 044 |
|
|
|a xo
|c SK
|
| 100 |
1 |
|
|a J. J.
|4 aut
|9 1063410
|
| 245 |
1 |
0 |
|a MÚDROSLOVIE Z ČIERNEJ HORY
|c J. J., Ján Jankovič
|
| 700 |
1 |
|
|a Jankovič, Ján,
|d 1943-2021
|4 trl
|9 85876
|
| 773 |
0 |
|
|t Revue svetovej literatúry
|g Roč. 12, č. 3 (1976), s. 141-145
|
| 958 |
|
|
|a OND
|
| 958 |
|
|
|a EUIPO
|
| 958 |
|
|
|a article16
|
| 999 |
|
|
|c 2068113
|d 2070043
|